Mercer Mayer's LC+the critter kids : (Record no. 7772)
[ view plain ]
| 000 -LEADER | |
|---|---|
| fixed length control field | 01028nam a22003017a 4500 |
| 001 - CONTROL NUMBER | |
| control field | 7772 |
| 003 - CONTROL NUMBER IDENTIFIER | |
| control field | FISKH |
| 005 - DATE AND TIME OF LATEST TRANSACTION | |
| control field | 20250805155247.0 |
| 008 - FIXED-LENGTH DATA ELEMENTS--GENERAL INFORMATION | |
| fixed length control field | 250805b cb ||||| |||| 00| 0 eng d |
| 020 ## - INTERNATIONAL STANDARD BOOK NUMBER | |
| International Standard Book Number | 0307159817 |
| 040 ## - CATALOGING SOURCE | |
| Original cataloging agency | FISKH |
| Language of cataloging | eng |
| Transcribing agency | FISKH |
| Modifying agency | FISKH |
| 050 ## - LIBRARY OF CONGRESS CALL NUMBER | |
| Classification number | PZ7.F22275 T |
| 082 ## - DEWEY DECIMAL CLASSIFICATION NUMBER | |
| Classification number | 459 |
| 100 ## - MAIN ENTRY--PERSONAL NAME | |
| Personal name | Farber, Erica |
| 245 ## - TITLE STATEMENT | |
| Title | Mercer Mayer's LC+the critter kids : |
| Remainder of title | Top dog / |
| Statement of responsibility, etc. | Written by Eric Farber ; J.R. Sansevere For Ruby Tuesday |
| 250 ## - EDITION STATEMENT | |
| Edition statement | This edition first published in 1994 |
| 260 ## - PUBLICATION, DISTRIBUTION, ETC. | |
| Place of publication, distribution, etc. | New York : |
| Name of publisher, distributor, etc. | A Golden Book, |
| Date of publication, distribution, etc. | 1994 |
| 300 ## - PHYSICAL DESCRIPTION | |
| Extent | 66 pages : |
| Other physical details | color illustrations ; |
| Dimensions | 20 cm |
| 505 ## - FORMATTED CONTENTS NOTE | |
| Formatted contents note | J<br/> |
| 520 ## - SUMMARY, ETC. | |
| Summary, etc. | Even though LC's dog, Yo Yo, does not obey very well, LC and the Critter Kids decide to enter him in a dog show to try to win money for their club.<br/> |
| 521 8# - TARGET AUDIENCE NOTE | |
| Target audience note | 450<br/> |
| Source | Lexile<br/> |
| 521 8# - TARGET AUDIENCE NOTE | |
| Target audience note | J<br/> |
| Source | Raz-Plus<br/> |
| 650 ## - SUBJECT ADDED ENTRY--TOPICAL TERM | |
| Source of heading or term | Little Critter |
| Topical term or geographic name entry element | Mercer Mayer |
| 650 ## - SUBJECT ADDED ENTRY--TOPICAL TERM | |
| Source of heading or term | Classroom Library |
| Topical term or geographic name entry element | Box 10 |
| 700 ## - ADDED ENTRY--PERSONAL NAME | |
| Personal name | Sansevere, J.R |
| Dates associated with a name | illustrator |
| 942 ## - ADDED ENTRY ELEMENTS (KOHA) | |
| Source of classification or shelving scheme | Dewey Decimal Classification |
| Koha item type | Books |
| Suppress in OPAC | No |
| Withdrawn status | Lost status | Source of classification or shelving scheme | Damaged status | Not for loan | Collection | Home library | Current library | Shelving location | Date acquired | Total Checkouts | Full call number | Barcode | Date last seen | Copy number | Price effective from | Koha item type |
|---|---|---|---|---|---|---|---|---|---|---|---|---|---|---|---|---|
| Dewey Decimal Classification | Juvenile Fiction | Footprints International School Library Network Toul Tom Poung Campus | Footprints International School Library Network Toul Tom Poung Campus | TTP Primary Dark Blue Bookshelves | 08/05/2025 | FAR 459 PZ7.F22275 T | 2025-3835 | 08/05/2025 | 1 | 08/05/2025 | Books |
